ARRUPE JESUIT UNIVERSITY

CORONAVIRUS -STOP THE SPREAD - CLEAN,DISINFECT,COVER

Phenomenology and mysticism : (Record no. 118895)

MARC details
000 -LEADER
fixed length control field 01231cam a2200337 a 4500
001 - CONTROL NUMBER
control field 14739113
003 - CONTROL NUMBER IDENTIFIER
control field ARRUPE
005 - DATE AND TIME OF LATEST TRANSACTION
control field 20131202145653.0
008 - FIXED-LENGTH DATA ELEMENTS--GENERAL INFORMATION
fixed length control field 070220s2007 inua b s001 0 eng
010 ## - LIBRARY OF CONGRESS CONTROL NUMBER
LC control number 2007007274
020 ## - INTERNATIONAL STANDARD BOOK NUMBER
International Standard Book Number 9780253349347 (cloth : alk. paper)
020 ## - INTERNATIONAL STANDARD BOOK NUMBER
International Standard Book Number 0253349346 (cloth : alk. paper)
035 ## - SYSTEM CONTROL NUMBER
System control number (OCoLC)ocm85484960
035 ## - SYSTEM CONTROL NUMBER
System control number (OCoLC)85484960
040 ## - CATALOGING SOURCE
Original cataloging agency DLC
Transcribing agency DLC
Modifying agency DLC
050 00 - LIBRARY OF CONGRESS CALL NUMBER
Classification number BL51
Item number .S64 2007
082 00 - DEWEY DECIMAL CLASSIFICATION NUMBER
Classification number 204/.22
Edition number 22
300 ## - PHYSICAL DESCRIPTION
Other physical details ill. ;
Dimensions 25 cm.
100 1# - MAIN ENTRY--PERSONAL NAME
Personal name Steinbock, Anthony J.
9 (RLIN) 4575
245 10 - TITLE STATEMENT
Title Phenomenology and mysticism :
Remainder of title the verticality of religious experience /
Statement of responsibility, etc Anthony J. Steinbock.
260 ## - PUBLICATION, DISTRIBUTION, ETC. (IMPRINT)
Place of publication, distribution, etc Bloomington :
Name of publisher, distributor, etc Indiana University Press,
Date of publication, distribution, etc c2007.
300 ## - PHYSICAL DESCRIPTION
Extent x, 309 p. :
440 #0 - SERIES STATEMENT/ADDED ENTRY--TITLE
Title Indiana series in the philosophy of religion
9 (RLIN) 4576
504 ## - BIBLIOGRAPHY, ETC. NOTE
Bibliography, etc Includes bibliographical references (p. 285-301) and index.
650 #0 - SUBJECT ADDED ENTRY--TOPICAL TERM
Topical term or geographic name as entry element Philosophy and religion.
9 (RLIN) 4577
650 #0 - SUBJECT ADDED ENTRY--TOPICAL TERM
Topical term or geographic name as entry element Phenomenology.
9 (RLIN) 4578
650 #0 - SUBJECT ADDED ENTRY--TOPICAL TERM
Topical term or geographic name as entry element Mysticism.
9 (RLIN) 4579
650 #0 - SUBJECT ADDED ENTRY--TOPICAL TERM
Topical term or geographic name as entry element Experience (Religion)
9 (RLIN) 4580
906 ## - LOCAL DATA ELEMENT F, LDF (RLIN)
a 7
b cbc
c orignew
d 1
e ecip
f 20
g y-gencatlg
942 ## - ADDED ENTRY ELEMENTS (KOHA)
Source of classification or shelving scheme Library of Congress Classification
Koha item type Monograph ( Printed materials)
Holdings
Withdrawn status Lost status Source of classification or shelving scheme Damaged status Not for loan Home library Current library Shelving location Date acquired Total Checkouts Full call number Barcode Date last seen Price effective from Koha item type
    Library of Congress Classification     ARRUPE LIBRARY ARRUPE LIBRARY Main Collection 02/12/2013   BL51 .S64 2007 464123284 26/10/2016 02/12/2013 Monograph ( Printed materials)

 

Arrupe Library. PO Box MP320 Mt Pleasant, Harare, Zimbabwe
263 242 745411|librarian@aju.ac.zw